000 00861nam a22002297a 4500
999 _c3372
_d3372
003 AR-CdUCM
008 190306b ||||| |||| 00| 0 spa d
040 _aMUNICIPALIDAD PROVINCIAL DEL CUSCO
_cBIBLIOTECA MUNICIPAL DEL CUSCO
082 _a869.7018 /
_bF41
245 _aLas mejores poesías venezolanas /
260 _aLima :
_bSantiago Valverder,
_c1958.
300 _a216 paginas ;
_c16 cm.
440 _aPrimer festival del libro popular venezolano.
_n8
_911160
505 _aContenido: Silva a la agricultura de la zona tórrida -- Canto fúnebre -- Adiós a la patria -- A la noche -- La ramilletera ...
650 _aPoesía venezolana
_911161
650 _aLiteratura latinoamericana
_91143
700 _aBello, Andres
_911162
700 _aMaitin, Jose Antonio
_911163
700 _aBarat, Jose Maria
_911164
942 _2ddc
_cLIBROS
945 _acmm